| 000 | 02671nam a2200493 c 4500 | ||
|---|---|---|---|
| 003 | BLK | ||
| 005 | 20211115085459.0 | ||
| 008 | 180410b bul|||||r ||||||| ||bul|| | ||
| 010 | _aKNG00168628000 | ||
| 020 |
_a978-954-515-240-5 _bиздат.: Милениум |
||
| 040 | _aBLK | ||
| 041 |
_aBUL _cBUL |
||
| 072 | 7 |
_2bullib _aН35 _xОбществено управление. Военни науки Н |
|
| 080 |
_aОргани на обществения ред. Полиция. Обществена власт. Доброволни отреди. Държавна сигурност. Милиция. Дейност на полицията по вътрешно разузнаване _b351.74 _x(497.2)(092) _z351.74(497.2)(092) |
||
| 080 |
_aПолитическо преследване. Терористични действия. Тероризъм - Атентати, политически убийства. Вж и 343.1 ; 343.3/.7 _b323.28 _x(497.2)(092) _z323.28(497.2)(092) |
||
| 080 |
_aБългарски дипломат и политик, министър-председател на България, агент на ДС _b929 Кьосеиванов, Георги Иванов _x _z929 Кьосеиванов, Георги Иванов |
||
| 100 | 1 |
_aТодоров, Антон Динев _eпърви автор _9328793 |
|
| 139 |
_aТодоров, Антон Динев _bК 98 |
||
| 245 | 1 | 0 |
_aАгент Леон _bИли как ДС вербува Георги Кьосеиванов _cАнтон Динев Тодоров. |
| 257 | _aBGR | ||
| 260 |
_аСофия _bМилениум _c2014 _fСофия : Инвестпрес |
||
| 300 |
_a264 с. _bсъс сн., факс. _c21 см |
||
| 380 | _a3 | ||
| 490 | 1 | _aСтрого секретно | |
| 500 | _aБиблиогр. с. 259-260. | ||
| 600 | 1 | 4 |
_aКьосеиванов, Георги Иванов _9224407 |
| 650 | 4 |
_aКьосеиванов, Георги Иванов _9224407 |
|
| 650 | 4 |
_aПолитици, български - биографии _9250984 |
|
| 650 | 4 |
_aРазузнаване - България _9250881 |
|
| 650 | 4 |
_aДържавна сигурност - България _9254494 |
|
| 651 | 4 |
_aБългария _9241624 |
|
| 653 | _aГеорги Кьосеиванов | ||
| 653 | _aбългарски политици | ||
| 653 | _aдипломати | ||
| 653 | _aтайни агенти | ||
| 653 | _aдържавна сигурност | ||
| 653 | _aбиографии | ||
| 659 | _aН | ||
| 852 | _aЦб 271887 | ||
| 856 | 4 |
_qpdf _u |
|
| 856 | 4 |
_qpdf _u |
|
| 942 |
_cKNG _n0 _03 |
||
| 944 |
_aCR _c11.12.2014 _lф / _kВиолета_Тройчева |
||
| 944 |
_aED _c14.03.2016 _lф / _kЛюдмила_Стоянова |
||
| 999 |
_c161319 _d161319 |
||